000 00314nam a22001337a 4500
008 170613b xxu||||| |||| 00| 0 eng d
020 _a9789280810943
041 _aeng
080 _a32
100 _a19
101 _aSHP
245 _aBROADENING ASIA'S SECURITY DISCOURSE AND AGENDA
_cTHAKUR,R
942 _2udc
_cBK
999 _c17138
_d17138